00310nam a2200121Ia 45000030006000000080041000060400015000471000039000622450049001012600009001505460012001590050017001710STCL150530s9999 xx 000 0 und d aSTCLcSTCL aInternational Cooperative Alliance aCooperation in the European market economics c1967 aEnglish20220125165517.0